MARC details
| 000 -CABECERA |
| campo de control de longitud fija |
01694nam a22003737a 4500 |
| 003 - IDENTIFICADOR DEL NÚMERO DE CONTROL |
| campo de control |
CHAP |
| 005 - FECHA Y HORA DE LA ÚLTIMA TRANSACCIÓN |
| campo de control |
20230830123818.0 |
| 007 - CAMPO FIJO DE DESCRIPCIÓN FÍSICA--INFORMACIÓN GENERAL |
| campo de control de longitud fija |
ta |
| 008 - DATOS DE LONGITUD FIJA--INFORMACIÓN GENERAL |
| campo de control de longitud fija |
230830s2012 mx b|||f m||| 001 0 spa d |
| 020 ## - NÚMERO INTERNACIONAL ESTÁNDAR DEL LIBRO |
| Número Internacional Estándar del Libro |
978-607-8285-01-3 |
| 040 ## - FUENTE DE LA CATALOGACIÓN |
| Centro catalogador/agencia de origen |
mxchpua |
| Centro/agencia transcriptor |
CHAP |
| Normas de descripción |
rda |
| 050 10 - SIGNATURA TOPOGRÁFICA DE LA BIBLIOTECA DEL CONGRESO |
| Número de clasificación |
GF41 |
| Número de documento/Ítem |
.P33 2012 |
| 082 00 - NÚMERO DE LA CLASIFICACIÓN DECIMAL DEWEY |
| Número de clasificación |
304.2 |
| Número de documento/Ítem |
P33 2012 |
| Número de edición |
20 |
| 100 1# - ENTRADA PRINCIPAL--NOMBRE DE PERSONA |
| 9 (RLIN) |
187836 |
| Nombre de persona |
Padilla de la Torre, Rebeca |
| Término indicativo de función/relación |
autor |
| 245 10 - MENCIÓN DE TÍTULO |
| Título |
Geografías ciudadanas y mediáticas / |
| Mención de responsabilidad, etc. |
María Rebeca Padilla de la Torre |
| 250 ## - MENCIÓN DE EDICIÓN |
| Mención de edición |
1a edición |
| 264 ## - PRODUCCIÓN, PUBLICACIÓN, DISTRIBUCIÓN, FABRICACIÓN Y COPYRIGHT |
| Producción, publicación, distribución, fabricación y copyright |
México : |
| Nombre del de productor, editor, distribuidor, fabricante |
Universidad Autónoma de Aguascalientes, |
| Fecha de producción, publicación, distribución, fabricación o copyright |
2012 |
| 300 ## - DESCRIPCIÓN FÍSICA |
| Extensión |
180 páginas : |
| Otras características físicas |
mapas |
| 336 ## - TIPO DE CONTENIDO |
| Fuente |
rdacontent |
| Término de tipo de contenido |
texto |
| Código de tipo de contenido |
txt |
| 337 ## - TIPO DE MEDIO |
| Fuente |
rdamedia |
| Nombre/término del tipo de medio |
sin medio |
| Código del tipo de medio |
n |
| 338 ## - TIPO DE SOPORTE |
| Fuente |
rdacarrier |
| Nombre/término del tipo de soporte |
volumen |
| Código del tipo de soporte |
nc |
| 500 ## - NOTA GENERAL |
| Nota general |
El documento es una tesis doctoral |
| 504 ## - NOTA DE BIBLIOGRAFÍA, ETC. |
| Nota de bibliografía, etc. |
Bibliografía: páginas 167-176 |
| 520 2# - SUMARIO, ETC. |
| Sumario, etc. |
En este libro se recorren distintos perfiles socioculturales de ciudadanía en Aguascalientes, México, con el objetivo de indagar los sentidos sociales que adquieren las prácticas mediáticas desde estas perspectivas. El estudio analiza el papel de la alteridad, la inmigración y las prácticas mediáticas en la construcción de la comunidad que representa la ciudad. La metodología consistió en el análisis de cinco casos basados en la etnia, el origen, la religión, la elite y lo popular. |
| 650 10 - PUNTO DE ACCESO ADICIONAL DE MATERIA--TÉRMINO DE MATERIA |
| 9 (RLIN) |
187837 |
| Término de materia o nombre geográfico como elemento de entrada |
Geografía humana aplicada |
| 650 17 - PUNTO DE ACCESO ADICIONAL DE MATERIA--TÉRMINO DE MATERIA |
| 9 (RLIN) |
30401 |
| Término de materia o nombre geográfico como elemento de entrada |
Cultura |
| 650 10 - PUNTO DE ACCESO ADICIONAL DE MATERIA--TÉRMINO DE MATERIA |
| 9 (RLIN) |
187841 |
| Término de materia o nombre geográfico como elemento de entrada |
Identidad colectiva |
| 650 10 - PUNTO DE ACCESO ADICIONAL DE MATERIA--TÉRMINO DE MATERIA |
| 9 (RLIN) |
187843 |
| Término de materia o nombre geográfico como elemento de entrada |
Geografía cultural |
| 650 10 - PUNTO DE ACCESO ADICIONAL DE MATERIA--TÉRMINO DE MATERIA |
| 9 (RLIN) |
187838 |
| Término de materia o nombre geográfico como elemento de entrada |
Applied human geography |
| 650 10 - PUNTO DE ACCESO ADICIONAL DE MATERIA--TÉRMINO DE MATERIA |
| 9 (RLIN) |
187839 |
| Término de materia o nombre geográfico como elemento de entrada |
Culture |
| 650 10 - PUNTO DE ACCESO ADICIONAL DE MATERIA--TÉRMINO DE MATERIA |
| 9 (RLIN) |
187840 |
| Término de materia o nombre geográfico como elemento de entrada |
Collective identity |
| 650 10 - PUNTO DE ACCESO ADICIONAL DE MATERIA--TÉRMINO DE MATERIA |
| 9 (RLIN) |
187842 |
| Término de materia o nombre geográfico como elemento de entrada |
Cultural geography |
| 942 ## - ELEMENTOS DE PUNTO DE ACCESO ADICIONAL (KOHA) |
| Fuente del sistema de clasificación o colocación |
Dewey Decimal Classification |
| Tipo de ítem Koha |
|